ORTHOPEDIC TAPING WRAPPING BRACING & PADDING (Record no. 799682)

MARC details
000 -LEADER
fixed length control field 00383pam a2200157 a 4500
020 ## - INTERNATIONAL STANDARD BOOK NUMBER
International Standard Book Number 8180619524
Terms of availability
041 ## - LANGUAGE CODE
Language code of original
082 ## - DEWEY DECIMAL CLASSIFICATION NUMBER
Classification number 617.3
Item number BEA
100 ## - MAIN ENTRY--PERSONAL NAME
Personal name BEAM J.W.
245 ## - TITLE STATEMENT
Title ORTHOPEDIC TAPING WRAPPING BRACING & PADDING
Medium Textual Documents
250 ## - EDITION STATEMENT
Edition statement 1.
260 ## - PUBLICATION, DISTRIBUTION, ETC.
Name of publisher, distributor, etc. JAYPEE BROTHERS MEDICAL PUB.
Date of publication, distribution, etc. 2007
300 ## - PHYSICAL DESCRIPTION
Extent 460:
Other physical details VIII;
Dimensions PB.
650 ## - SUBJECT ADDED ENTRY--TOPICAL TERM
Topical term or geographic name entry element ORTHO
930 ## - EQUIVALENCE OR CROSS-REFERENCE-UNIFORM TITLE HEADING [LOCAL, CANADA]
Uniform title 5155
Holdings
Withdrawn status Lost status Damaged status Not for loan Collection Home library Current library Date acquired Source of acquisition Cost, normal purchase price Total Checkouts Full call number Barcode Date last seen Copy number Price effective from Koha item type
          Medical College & Hospital, Sangli Medical College & Hospital, Sangli 22/12/2011 B.M.S.G.B.PUNE 595.00   617.3 BEA MCS-10156 26/07/2023 1 26/07/2023 Book